000 00288nam a22001337a 4500
008 170502b xxu||||| |||| 00| 0 eng d
020 _a9951402208
041 _aeng
080 _a347
100 _a13
101 _aSHJ
245 _aTE DREJTAT E NJERIUT
_cOSMANI.N
942 _2udc
_cBK
999 _c12409
_d12409